000 00782nam a2200265Ia 4500
999 _c54444
_d54444
001 21506
003 GE_BSU
005 20211124170112.0
008 181216s2005||||enk|||||||||||||| ||eng||
020 _a9781405815628
040 _cGE_BSU
080 _a811.111(075.8) A-18
100 _aAcklam, Richard.
_93176
245 _aTotal English : Pre-intermediate :
_bStudents book /
_cRichard Acklam, Aramiota Crace.
264 _aEdinburg :
_bPearson,
_c2005.
300 _a159 p. :
_bill. ;
_c29 cm.
541 _h5 Gel.
653 _aTotal English
653 _aPre-intermediate
653 _aStudents book
653 _aАнглийский язык
653 _aინგლისური ენა
700 _aCrace, Aramiota.
_eauthor
_913023
942 _cBK
_2udc